Seismic zoning of Karachi and recommendations for seismic design of buildings / (Record no. 546729)
[ view plain ]
| 000 -LEADER | |
|---|---|
| fixed length control field | 00980mam a2200217 a 4500 |
| 082 ## - DEWEY DECIMAL CLASSIFICATION NUMBER | |
| Classification number | 624.1762 |
| Author Mark | LOY |
| -- | N-01, P-65 |
| 100 1# - MAIN ENTRY--PERSONAL NAME | |
| Personal name | Loya, A. Razzak. |
| 9 (RLIN) | 42922 |
| 245 10 - TITLE STATEMENT | |
| Title | Seismic zoning of Karachi and recommendations for seismic design of buildings / |
| Statement of responsibility, etc. | by A. Razzak Loya, Nayyer Alam Zaigham, Mushtaq H. Dawood. |
| 260 ## - PUBLICATION, DISTRIBUTION, ETC. | |
| Place of publication, distribution, etc. | Karachi : |
| Name of publisher, distributor, etc. | Association of Consulting Engineers, Pakistan (ACEP) : |
| -- | In association with Karachi Building Control Authority (KBCA), |
| Date of publication, distribution, etc. | 2000. |
| 300 ## - PHYSICAL DESCRIPTION | |
| Extent | viii, 105 p. : |
| Other physical details | ill. (some col.), maps ; |
| Dimensions | 28 cm. |
| 500 ## - GENERAL NOTE | |
| General note | "April 2000"--T.p. |
| 526 ## - STUDY PROGRAM INFORMATION NOTE | |
| Program name | 0 |
| Interest level | 0 |
| Reading level | 0 |
| Title point value | 624_176200000000000_LOY |
| 526 ## - STUDY PROGRAM INFORMATION NOTE | |
| Program name | 0 |
| Interest level | 0 |
| Reading level | 0 |
| Title point value | 624_176200000000000_LOY |
| 650 #0 - SUBJECT ADDED ENTRY--TOPICAL TERM | |
| Topical term or geographic name entry element | Buildings |
| General subdivision | Earthquake effects |
| Geographic subdivision | Pakistan |
| -- | Karachi. |
| 9 (RLIN) | 42923 |
| 650 #0 - SUBJECT ADDED ENTRY--TOPICAL TERM | |
| Topical term or geographic name entry element | Earthquake resistant design |
| Geographic subdivision | Pakistan |
| -- | Karachi. |
| 9 (RLIN) | 42924 |
| 650 #0 - SUBJECT ADDED ENTRY--TOPICAL TERM | |
| Topical term or geographic name entry element | MCE |
| 9 (RLIN) | 379 |
| 650 #0 - SUBJECT ADDED ENTRY--TOPICAL TERM | |
| Topical term or geographic name entry element | Seismology |
| Geographic subdivision | Pakistan |
| -- | Karachi. |
| 9 (RLIN) | 42925 |
| 700 1# - ADDED ENTRY--PERSONAL NAME | |
| Personal name | Dawood, Mushtaq H. |
| 9 (RLIN) | 42926 |
| 700 1# - ADDED ENTRY--PERSONAL NAME | |
| Personal name | Zaigham, Nayyer Alam. |
| 9 (RLIN) | 42927 |
| 942 ## - ADDED ENTRY ELEMENTS (KOHA) | |
| Source of classification or shelving scheme | |
| Koha item type | Book |
| Withdrawn status | Lost status | Source of classification or shelving scheme | Damaged status | Not for loan | Permanent Location | Current Location | Date acquired | Total Checkouts | Full call number | Barcode | Date last seen | Date last checked out | Price effective from | Koha item type |
|---|---|---|---|---|---|---|---|---|---|---|---|---|---|---|
| Military College of Engineering (MCE) | Military College of Engineering (MCE) | 06/18/2014 | 1 | 624.1762 LOY | MCE-32601 | 09/07/2018 | 11/07/2017 | 06/18/2014 | Book | |||||
| Military College of Engineering (MCE) | Military College of Engineering (MCE) | 06/18/2014 | 624.1762 LOY | MCE-32600 | 06/18/2014 | 06/18/2014 | Book |
